000 00757nam a22002297a 4500
003 UA-OsUOA
001 69070
007 ta
008 20100603b un ||||| |||| 00| 0 ukr d
090 _a340.116(477)
_bВ85
942 _cBK
040 _aUA-OsUOA
_bukr
_cUA-OsUOA
_dUA-OsUOA
245 _aВступ до теорії правових систем
_cЗа заг. ред. Зайчука О. В., Оніщенко Н. М.
300 _a432 с.
955 _a2
041 _aukr
080 _a340.116(477)
020 _a966-8602-40-4
260 _aК.
_bЮридична думка
_c2006
650 7 _a340 Право в цілому. Пропедевтика. Методи та допоміжні правничі науки
_2UDC
999 _c355323
_d355323